Publicistas contemporáneos. Estudios biográficos de escritores modernos de Chile
Tallennettuna:
| Päätekijä: | |
|---|---|
| Aineistotyyppi: | Kirja |
| Kieli: | espanja |
| Julkaistu: |
Santiago
Imprenta Victoria
1886
|
| Painos: | 1a. ed |
| Aiheet: | |
| Tagit: |
Lisää tagi
Ei tageja, Lisää ensimmäinen tagi!
|
MARC
| LEADER | 00000nam a2200000 a 4500 | ||
|---|---|---|---|
| 001 | UCJ6307 | ||
| 003 | CL-VaPUC | ||
| 005 | 20240403093509.0 | ||
| 008 | 070124e18860000CL |||||||||||||||||spa|d | ||
| 999 | |c 322415 |d 322413 | ||
| 040 | |c Pontificia Universidad Católica de Valparaíso | ||
| 082 | 0 | 4 | |a 928 |b FIG |2 21 |
| 100 | 0 | |a Figueroa, Pedro Pablo |e author |9 504749 | |
| 245 | 1 | 0 | |a Publicistas contemporáneos. Estudios biográficos de escritores modernos de Chile |
| 250 | |a 1a. ed | ||
| 260 | |a Santiago |b Imprenta Victoria |c 1886 | ||
| 300 | |a 45 p | ||
| 500 | |a Encuadernado junto a otros títulos del mismo autor en un volumen rotulado P. P. Figueroa: Folletos Varios; ubicado en 983 FIG | ||
| 583 | |a last modification |c 20070124 00:00:00 |k Rodrigo Vera | ||
| 600 | 0 | 7 | |a ERRAZURIZ, ISIDORO |2 CL-VaPUC |9 414324 |
| 600 | 0 | 7 | |a Martínez Cuadros, Marcial, |d 1833-1918 |9 863205 |
| 600 | 0 | |a Brieba, Liborio |e author |9 420139 | |
| 600 | 0 | 7 | |a JORQUERA DEL CANTO, FRANCISCO |2 CL-VaPUC |9 512803 |
| 600 | 0 | 7 | |a COUSIÑO, ELIAS |2 CL-VaPUC |9 512804 |
| 600 | 0 | 7 | |a SOFFIA, JOSE ANTONIO |2 CL-VaPUC |9 350479 |
| 650 | 7 | |a BIOGRAFIA |2 CL-VaPUC |9 504622 | |
| 650 | 0 | |a Escritores |9 313723 | |
| 942 | |c BK |2 ddc | ||
| 945 | |d 20070124 00:00:00 |a rinostro | ||
| 952 | |0 0 |1 0 |4 0 |6 928_000000000000000_FIG_1886 |7 0 |8 X |9 401401 |a FDOBUD |b FDOBUD |d 2019-11-22 |i 1046616 |o 928 FIG 1886 |p 1046616 |r 2019-11-22 |w 2019-11-22 |y BK_X |k BUD | ||